[Event "60o Campeonato Brasileiro Feminino Final Aberta"]
[Site "Cuiaba MT"]
[Date "2021.10.29"]
[Round "3"]
[Board "8"]
[White "Heinrichs, Vivian"]
[Black "Campagnolo, Fabiola"]
[Result "1-0"]
[WhiteElo "1974"]
[BlackElo "1677"]
[PlyCount "141"]
[EventDate "2021.10.28"]
[EventRounds "11"]
[EventCountry "BRA"]

1. d4 d5 2. c4 c6 3. Nc3 e6 4. Nf3 f5 5. Bf4 Nf6 6. h3 Nbd7 7. e3 Ne4 8. Be2
Be7 9. Rc1 O-O 10. Ne5 Bh4 11. O-O Bf6 12. f3 Nxc3 13. Rxc3 g5 14. Bh2 Nxe5 15.
dxe5 Be7 16. f4 b6 17. fxg5 Bxg5 18. Bf4 Bd7 19. b4 h6 20. Qb3 a6 21. a3 b5 22.
c5 a5 23. Rcc1 Be8 24. Ra1 a4 25. Qd1 Ra7 26. Rc1 Rc7 27. Qd4 Rg7 28. Kh1 Kh7
29. Bf3 Rfg8 30. Bh2 Bf7 31. Rcd1 Be8 32. Qc3 Bh4 33. e4 Bg3 34. exf5 exf5 35.
Qc2 Bxh2 36. Kxh2 Qg5 37. Rde1 Bg6 38. Qf2 f4 39. Qd4 Bf5 40. Re2 Qg3+ 41. Kh1
Bxh3 42. Qf2 Qxf2 43. Rfxf2 Bg4 44. Bxg4 Rxg4 45. e6 R4g6 46. Rxf4 Re8 47. e7
Kg7 48. Rf3 Rf6 49. Rfe3 Kf7 50. Kh2 d4 51. Rd3 Rxe7 52. Rxe7+ Kxe7 53. Rxd4
Rg6 54. Kh3 Ke6 55. Rd6+ Kf5 56. Rxg6 Kxg6 57. Kg4 h5+ 58. Kf4 Kf6 59. g3 Ke6
60. Kg5 Kd5 61. Kxh5 Kc4 62. g4 Kb3 63. g5 Kxa3 64. g6 Kxb4 65. g7 a3 66. g8=Q
Kxc5 67. Qf8+ Kc4 68. Qxa3 b4 69. Qc1+ Kd3 70. Qxc6 b3 71. Qc1  1-0

[Event "60o Campeonato Brasileiro Feminino Final Aberta"]
[Site "Cuiaba MT"]
[Date "2021.10.29"]
[Round "3"]
[Board "9"]
[White "Dull, Amanda Paul"]
[Black "De Souza, Eliana Aparecida"]
[Result "0-1"]
[WhiteElo "1847"]
[BlackElo "1673"]
[PlyCount "112"]
[EventDate "2021.10.28"]
[EventRounds "11"]
[EventCountry "BRA"]

1. d4 d5 2. Bf4 e6 3. e3 c5 4. c3 Nf6 5. Nd2 Be7 6. Bd3 c4 7. Bc2 O-O 8. Ngf3
Nh5 9. Bg3 Nc6 10. Ne5 g6 11. Qe2 Nxe5 12. Bxe5 f6 13. g4 Ng7 14. Bg3 b5 15. h4
b4 16. h5 g5 17. h6 Ne8 18. e4 bxc3 19. bxc3 Bd6 20. O-O Bxg3 21. fxg3 Rb8 22.
e5 Rb2 23. Nf3 Kh8 24. Nxg5 f5 25. Nh3 Rg8 26. Rac1 Nc7 27. g5 Nb5 28. Qe3 Qe8
29. Nf4 Qe7 30. Nh3 Qa3 31. Bxf5 Qxa2 32. Nf2 exf5 33. e6 Re2 34. Qf4 Bxe6 35.
Rfe1 Re8 36. Kf1 Bd7 37. Qf3 Nxc3 38. Rxe2 Qxe2+ 39. Kg2 Qxf3+ 40. Kxf3 Nb5 41.
Nd1 Nxd4+ 42. Kf2 Kg8 43. Nc3 Nb3 44. Rd1 d4 45. Nd5 Re6 46. Nf4 Ra6 47. Nd5
Kf7 48. Re1 Be6 49. Nf4 c3 50. g6+ hxg6 51. h7 Kg7 52. Rh1 Ra2+ 53. Ne2 Kh8 54.
Rh6 Bc4 55. Rxg6 Rxe2+ 56. Kg1 c2  0-1

[Event "60o Campeonato Brasileiro Feminino Final Aberta"]
[Site "Cuiaba MT"]
[Date "2021.10.29"]
[Round "3"]
[Board "10"]
[White "Penha, Evelyn Maximiano"]
[Black "Bail, Ellen Larissa"]
[Result "0-1"]
[WhiteElo "1672"]
[BlackElo "1833"]
[PlyCount "108"]
[EventDate "2021.10.28"]
[EventRounds "11"]
[EventCountry "BRA"]

1. e4 e6 2. Nf3 d5 3. Nc3 d4 4. Ne2 c5 5. c3 Nc6 6. Nf4 Nf6 7. Qe2 e5 8. Nd3
Qc7 9. c4 Bg4 10. g3 Be7 11. Bg2 Nxe4 12. Ndxe5 Nxe5 13. Qxe4 Bxf3 14. Bxf3
Nxc4 15. Qxb7 Qxb7 16. Bxb7 Rb8 17. Bc6+ Kd8 18. b3 Ne5 19. Be4 g6 20. f4 Nd7
21. O-O f5 22. Bd3 Re8 23. Ba3 Kc7 24. Rac1 Kb6 25. Rfe1 Bd6 26. Bc4 Nf6 27.
Bd3 a5 28. Kf1 Ng4 29. h3 Nf6 30. Re2 Rxe2 31. Kxe2 Re8+ 32. Kf2 Ne4+ 33. Bxe4
fxe4 34. Rc4 Re6 35. Bb2 h5 36. a3 Re7 37. b4 axb4 38. axb4 Kb5 39. Rc1 Kxb4
40. Ra1 Kc4 41. Ra6 Kd5 42. Ra8 e3+ 43. dxe3 Rxe3 44. Rg8 Re6 45. Rg7 c4 46.
Rf7 c3 47. Bc1 d3 48. f5 d2 49. Bxd2 cxd2 50. fxe6 d1=Q 51. e7 Qd2+ 52. Kf1
Qc1+ 53. Ke2 Qb2+ 54. Kf1 Qe5  0-1

[Event "60o Campeonato Brasileiro Feminino Final Aberta"]
[Site "Cuiaba MT"]
[Date "2021.10.29"]
[Round "3"]
[Board "11"]
[White "Brambilla, Renee Blandy T."]
[Black "Nunes, Agatha Hurba"]
[Result "0-1"]
[WhiteElo "1671"]
[BlackElo "1797"]
[PlyCount "54"]
[EventDate "2021.10.28"]
[EventRounds "11"]
[EventCountry "BRA"]

1. d4 e6 2. c4 f5 3. Nf3 Nf6 4. Bf4 Bb4+ 5. Nbd2 O-O 6. a3 Bxd2+ 7. Nxd2 a5 8.
e3 d6 9. Be2 Qe7 10. Nf3 Nc6 11. O-O Kh8 12. c5 dxc5 13. dxc5 Ne4 14. Rc1 e5
15. Bg3 Ng5 16. Nxg5 Qxg5 17. h4 Qe7 18. h5 f4 19. exf4 exf4 20. Bh2 Qg5 21.
Rc3 Be6 22. Qc1 Nd4 23. Re1 Rae8 24. Bf3 Bh3 25. g3 Nxf3+ 26. Rxf3 Qd5 27. Rxe8
Rxe8  0-1

[Event "60o Campeonato Brasileiro Feminino Final Aberta"]
[Site "Cuiaba MT"]
[Date "2021.10.29"]
[Round "3"]
[Board "12"]
[White "Zago, Caroline Datora"]
[Black "Rodio, Julia Brunetto"]
[Result "0-1"]
[WhiteElo "1634"]
[BlackElo "1788"]
[PlyCount "64"]
[EventDate "2021.10.28"]
[EventRounds "11"]
[EventCountry "BRA"]

1. e4 c5 2. Nf3 a6 3. d4 cxd4 4. Nxd4 Nf6 5. f3 e5 6. Nf5 d5 7. Bg5 Qa5+ 8. Qd2
Qb6 9. c3 dxe4 10. Bxf6 Qxf6 11. fxe4 Bxf5 12. exf5 Qxf5 13. Bd3 Qd7 14. Qe2
Nc6 15. O-O Bc5+ 16. Kh1 O-O 17. Be4 Qe6 18. Nd2 f5 19. Bxf5 Rxf5 20. Rxf5 Qxf5
21. Qc4+ Qf7 22. Qxc5 Rf8 23. Qc4 Qxc4 24. Nxc4 b5 25. Nd2 Rf2 26. Rd1 e4 27.
Kg1 e3 28. Ne4 Rxb2 29. Re1 Ne5 30. h3 Nc4 31. Ng5 Rxa2 32. Rd1 Rd2  0-1

[Event "60o Campeonato Brasileiro Feminino Final Aberta"]
[Site "Cuiaba MT"]
[Date "2021.10.29"]
[Round "3"]
[Board "13"]
[White "Nakata, Thifanni Harumi"]
[Black "Dias, Juliane De Oliveira"]
[Result "1/2-1/2"]
[WhiteElo "1778"]
[BlackElo "1673"]
[PlyCount "76"]
[EventDate "2021.10.28"]
[EventRounds "11"]
[EventCountry "BRA"]

1. d4 d5 2. c4 e6 3. Nc3 Nf6 4. cxd5 exd5 5. Bg5 c6 6. Qc2 Be7 7. e3 O-O 8. Bd3
Nbd7 9. Nge2 h6 10. Bh4 c5 11. O-O cxd4 12. Nxd4 Ne5 13. Nf5 Bxf5 14. Bxf5 Qa5
15. Rfd1 Rad8 16. Bh3 Ng6 17. Bxf6 Bxf6 18. Ne2 Qb6 19. Nd4 Rfe8 20. Rd3 Nf4
21. exf4 Bxd4 22. Rb3 Qa5 23. g3 Re1+ 24. Rxe1 Qxe1+ 25. Kg2 Bb6 26. Bf5 Re8
27. Bd3 Qe6 28. Rc3 d4 29. Rc4 Qd5+ 30. f3 Qe6 31. Be4 Rd8 32. Bf5 Qd6 33. Bd3
Qe6 34. Be4 Qd7 35. Qd3 Qb5 36. Qc2 Qd7 37. Qd3 Qb5 38. Qc2 Qd7  1/2-1/2

[Event "60o Campeonato Brasileiro Feminino Final Aberta"]
[Site "Cuiaba MT"]
[Date "2021.10.29"]
[Round "3"]
[Board "14"]
[White "Kikuchi Cadilhac, Mariana Sawae"]
[Black "Felix, Luiza De Oliveira"]
[Result "1/2-1/2"]
[WhiteElo "1762"]
[BlackElo "1599"]
[PlyCount "46"]
[EventDate "2021.10.28"]
[EventRounds "11"]
[EventCountry "BRA"]

1. e4 c5 2. Nf3 Nc6 3. d4 cxd4 4. Nxd4 g6 5. Be3 Nf6 6. Nc3 Bg7 7. f3 O-O 8.
Qd2 d5 9. O-O-O Nxd4 10. Bxd4 dxe4 11. fxe4 Bg4 12. Be2 Bxe2 13. Qxe2 Qa5 14.
Kb1 Rfd8 15. Rhf1 Rac8 16. Qf2 e5 17. Bxa7 Rxd1+ 18. Rxd1 Rxc3 19. Bb6 Qb4 20.
a3 Qb5 21. Rd8+ Bf8 22. Qxf6 Rc6 23. Qe7 Qf1+  1/2-1/2

[Event "60o Campeonato Brasileiro Feminino Final Aberta"]
[Site "Cuiaba MT"]
[Date "2021.10.29"]
[Round "3"]
[Board "15"]
[White "Braga, Debora Abade"]
[Black "Bonfim, Regina Rodrigues"]
[Result "1-0"]
[WhiteElo "1480"]
[BlackElo "1702"]
[PlyCount "65"]
[EventDate "2021.10.28"]
[EventRounds "11"]
[EventCountry "BRA"]

1. d4 d5 2. c4 e6 3. Nf3 c6 4. g3 Nf6 5. Bg2 Bb4+ 6. Nbd2 dxc4 7. O-O b5 8. a4
Bb7 9. Qc2 O-O 10. Rd1 Qc7 11. Ne5 Nbd7 12. Ndf3 a6 13. Bf4 Bd6 14. e4 Rfe8 15.
Nxd7 Nxd7 16. e5 Be7 17. Ng5 Nf8 18. Ne4 Ng6 19. Be3 Red8 20. Bg5 Bxg5 21. Nxg5
c5 22. Be4 cxd4 23. axb5 d3 24. Rxd3 axb5 25. Rxd8+ Rxd8 26. Bxb7 Qxb7 27. Qe2
h6 28. Nf3 Rd3 29. Ne1 Rb3 30. h4 Qc7 31. Ra8+ Kh7 32. Nf3 Qe7 33. Ng5+  1-0

[Event "60o Campeonato Brasileiro Feminino Final Aberta"]
[Site "Cuiaba MT"]
[Date "2021.10.29"]
[Round "3"]
[Board "17"]
[White "Mayara Sibowicz, Giovanna"]
[Black "Do Amaral Vailant, Helena Kether"]
[Result "0-1"]
[WhiteElo "1683"]
[BlackElo "1414"]
[PlyCount "84"]
[EventDate "2021.10.28"]
[EventRounds "11"]
[EventCountry "BRA"]

1. e4 e5 2. Nf3 Nc6 3. Bc4 Bc5 4. c3 Nf6 5. d4 exd4 6. cxd4 Bb4+ 7. Bd2 Nxe4 8.
Bxb4 Nxb4 9. Bxf7+ Kxf7 10. Qb3+ Ke8 11. Qxb4 Qf6 12. O-O Kd8 13. Nbd2 Ng5 14.
Nxg5 Qxg5 15. Nf3 Qh5 16. Rac1 b6 17. Qc4 c6 18. Ne5 Kc7 19. Rfe1 Re8 20. a4 a5
21. Qc3 Qg5 22. d5 c5 23. d6+ Kb7 24. Qf3+ Ka7 25. Qc3 Bb7 26. Nf3 Qg6 27. Red1
Re6 28. Nh4 Qg4 29. Qg3 Re4 30. Nf3 Qxg3 31. hxg3 h6 32. b3 Rae8 33. Kf1 Re2
34. Re1 Ba6 35. Rxe2 Rxe2 36. Kg1 Bb7 37. Rc3 Bc6 38. Nd4 cxd4 39. Rxc6 d3 40.
Rc7+ Ka6 41. Kf1 Re6 42. Rc3 d2  0-1

[Event "60o Campeonato Brasileiro Feminino Final Aberta"]
[Site "Cuiaba MT"]
[Date "2021.10.29"]
[Round "3"]
[Board "18"]
[White "Muraoka, Karoline Aimy"]
[Black "Menezes, Grasielle Da Silv"]
[Result "0-1"]
[WhiteElo "1821"]
[BlackElo "1868"]
[PlyCount "62"]
[EventDate "2021.10.28"]
[EventRounds "11"]
[EventCountry "BRA"]

1. e4 c6 2. d4 d5 3. e5 Bf5 4. Bd3 Bxd3 5. Qxd3 e6 6. Nd2 Nd7 7. Ngf3 Qc7 8.
O-O c5 9. c3 Ne7 10. Re1 Nc6 11. a4 cxd4 12. cxd4 Nb4 13. Qe2 Nc2 14. Rb1 Nxe1
15. Nxe1 Qb6 16. Nd3 Be7 17. b4 Rc8 18. a5 Qc6 19. Nf3 b6 20. b5 Qc2 21. Qxc2
Rxc2 22. a6 O-O 23. Bd2 Rfc8 24. h3 f6 25. Bb4 Kf7 26. Bxe7 Kxe7 27. Nb4 Rc1+
28. Rxc1 Rxc1+ 29. Kh2 Nb8 30. Nd2 Rd1 31. Nf3 Rb1  0-1

[Event "60o Campeonato Brasileiro Feminino Final Aberta"]
[Site "Cuiaba MT"]
[Date "2021.10.29"]
[Round "3"]
[Board "19"]
[White "Montes, Sofia"]
[Black "Flores, Clarice Soares Leite"]
[Result "0-1"]
[WhiteElo "1836"]
[BlackElo "1656"]
[PlyCount "134"]
[EventDate "2021.10.28"]
[EventRounds "11"]
[EventCountry "BRA"]

1. c4 c5 2. Nc3 g6 3. g3 Nc6 4. Bg2 Bg7 5. Nf3 d6 6. O-O e5 7. e4 Nge7 8. d3
O-O 9. a3 h6 10. Rb1 a5 11. Bd2 Be6 12. Nd5 Rb8 13. b4 axb4 14. axb4 cxb4 15.
Nxb4 Nxb4 16. Bxb4 b5 17. cxb5 Rxb5 18. Ba3 Rxb1 19. Qxb1 Qd7 20. Re1 Nc6 21.
Qc2 Ra8 22. Qc3 d5 23. exd5 Bxd5 24. Bb2 Rc8 25. Rc1 f5 26. Qe1 e4 27. Bxg7
exf3 28. Bxf3 Kxg7 29. Qc3+ Kf7 30. Bd1 Ne7 31. Qd2 Rxc1 32. Qxc1 Qe6 33. Qd2
Nc6 34. Kf1 g5 35. Bh5+ Kf6 36. Qc3+ Qe5 37. Qa3 Ne7 38. Qa6+ Bc6 39. Bf3 Qe6
40. Qa1+ Kg6 41. Qa6 Qf6 42. Bxc6 Nxc6 43. Qc4 Ne7 44. d4 Qd6 45. Ke2 Kf6 46.
Kd3 Qa3+ 47. Qc3 Qxc3+ 48. Kxc3 Ke6 49. Kc4 Kd6 50. h3 h5 51. h4 g4 52. Kd3 Kd5
53. Ke3 Ng6 54. Kd3 f4 55. gxf4 Nxf4+ 56. Ke3 Ng2+ 57. Kd3 Nxh4 58. Ke2 Kxd4
59. Kf1 Nf3 60. Kg2 h4 61. Kf1 h3 62. Ke2 h2 63. Kd1 h1=Q+ 64. Kc2 Kc4 65. Kb2
Qh8+ 66. Ka2 Qb8 67. Ka1 Kc3  0-1

[Event "60o Campeonato Brasileiro Feminino Final Aberta"]
[Site "Cuiaba MT"]
[Date "2021.10.29"]
[Round "3"]
[Board "20"]
[White "Pimenta, Vhendala Eloisa"]
[Black "Moraes Silva, Natasha Alejandra"]
[Result "0-1"]
[WhiteElo "1771"]
[BlackElo "1436"]
[PlyCount "82"]
[EventDate "2021.10.28"]
[EventRounds "11"]
[EventCountry "BRA"]

1. c4 c5 2. g3 g6 3. Bg2 Bg7 4. Nf3 Nf6 5. O-O O-O 6. d4 d6 7. Nc3 Nbd7 8. e4
cxd4 9. Nxd4 Nc5 10. Re1 a6 11. b4 Ne6 12. Bb2 Qb6 13. Nxe6 Bxe6 14. Nd5 Bxd5
15. exd5 Qxb4 16. Qb3 Qxb3 17. axb3 Rfe8 18. Bd4 Nd7 19. Rad1 Bxd4 20. Rxd4
Rab8 21. Rde4 Kf8 22. Rh4 h5 23. b4 b5 24. Bh3 f5 25. Re6 Ne5 26. Rf4 Kg7 27.
c5 Nd3 28. Rh4 dxc5 29. Bxf5 gxf5 30. Rxh5 Rf8 31. Rxe7+ Rf7 32. Rxf7+ Kxf7 33.
Rxf5+ Kg6 34. g4 c4 35. h4 c3 36. h5+ Kh6 37. f4 c2 38. Rf6+ Kg7 39. Rc6 c1=Q+
40. Rxc1 Nxc1 41. g5 Rf8  0-1

[Event "60o Campeonato Brasileiro Feminino Final Aberta"]
[Site "Cuiaba MT"]
[Date "2021.10.29"]
[Round "3"]
[Board "21"]
[White "Da Silva, Debora Oliveira Lopes"]
[Black "Silveira, Celissa Franco Godoy D"]
[Result "1-0"]
[WhiteElo "1389"]
[BlackElo "1810"]
[PlyCount "37"]
[EventDate "2021.10.28"]
[EventRounds "11"]
[EventCountry "BRA"]

1. e4 c5 2. Nf3 d6 3. d4 Nd7 4. Be3 Ngf6 5. Nc3 Ng4 6. Bd2 g6 7. Bc4 Nb6 8. Be2
Bg7 9. h3 cxd4 10. Nb5 Ne5 11. Nfxd4 a6 12. Na3 O-O 13. O-O d5 14. exd5 Nxd5
15. c3 Qd6 16. Qc1 b5 17. Bh6 e6 18. Bxg7 Kxg7 19. f4 {toque de celular}  1-0

[Event "60o Campeonato Brasileiro Feminino Final Aberta"]
[Site "Cuiaba MT"]
[Date "2021.10.29"]
[Round "3"]
[Board "23"]
[White "Bokhonok, Tatiana Dos Santos Spin"]
[Black "Silva, Marina Taborelli"]
[Result "1-0"]
[WhiteElo "1230"]
[BlackElo "1651"]
[PlyCount "75"]
[EventDate "2021.10.28"]
[EventRounds "11"]
[EventCountry "BRA"]

1. d4 d5 2. Bf4 Bf5 3. e3 e6 4. c4 Nf6 5. Nc3 Bb4 6. Qb3 Nc6 7. a3 Bxc3+ 8.
bxc3 b6 9. Qa4 Qd7 10. Nf3 a6 11. Nd2 O-O 12. Be2 Ne4 13. cxd5 b5 14. Qb3 Nxd2
15. Kxd2 exd5 16. Bf3 Rfd8 17. Ke2 Qe6 18. Bxc7 Rd7 19. Bg3 Bg4 20. Bxg4 Qxg4+
21. f3 Qf5 22. a4 Rb7 23. axb5 Rxb5 24. Qxb5 Qc2+ 25. Kf1 Qxc3 26. Rxa6 Rxa6
27. Qxa6 h6 28. Qe2 Nb4 29. Be1 Qc1 30. Qd2 Qxd2 31. Bxd2 Nc2 32. Ke2 f5 33.
Rc1 Na3 34. Rc3 Nc4 35. e4 Nxd2 36. Kxd2 dxe4 37. fxe4 fxe4 38. Re3  1-0

[Event "60o Campeonato Brasileiro Feminino Final Aberta"]
[Site "Cuiaba MT"]
[Date "2021.10.30"]
[Round "4"]
[Board "1"]
[White "Librelato, Kathie Goulart"]
[Black "Alboredo, Julia"]
[Result "1/2-1/2"]
[WhiteElo "2165"]
[BlackElo "2183"]
[PlyCount "97"]
[EventDate "2021.10.28"]
[EventRounds "11"]
[EventCountry "BRA"]

1. e4 c5 2. Nf3 Nc6 3. d4 cxd4 4. Nxd4 e5 5. Nb5 d6 6. c4 Be6 7. N1c3 a6 8. Na3
g6 9. Nc2 Bg7 10. Bd3 Rc8 11. O-O Nce7 12. Ne3 Nf6 13. b3 O-O 14. Bb2 Nc6 15.
Rc1 Nh5 16. Nf5 Bxf5 17. exf5 Nd4 18. Nd5 Nf6 19. Ne3 Bh6 20. Bb1 Qb6 21. Rc3
d5 22. Rd3 dxc4 23. Bxd4 exd4 24. Nxc4 Qc7 25. Rxd4 Rcd8 26. Qd3 b5 27. Ne3 Bg7
28. Rd1 Rxd4 29. Qxd4 Re8 30. g3 Ne4 31. Nd5 Qc6 32. Qb4 Nc3 33. Ne7+ Rxe7 34.
Qxe7 Nxd1 35. Qd8+ Bf8 36. Qxd1 Bh6 37. Qd8+ Kg7 38. Qd4+ Qf6 39. Qd5 Qa1 40.
Qe4 Bg5 41. Kg2 Bf6 42. a4 Qd4 43. Qc6 bxa4 44. bxa4 a5 45. fxg6 hxg6 46. Ba2
Be7 47. Qf3 Qf6 48. Qd5 Bd8 49. h4  1/2-1/2

[Event "60o Campeonato Brasileiro Feminino Final Aberta"]
[Site "Cuiaba MT"]
[Date "2021.10.30"]
[Round "4"]
[Board "2"]
[White "Terao, Juliana Sayumi"]
[Black "Frattini, Beatriz Maria"]
[Result "1-0"]
[WhiteElo "2252"]
[BlackElo "1880"]
[PlyCount "55"]
[EventDate "2021.10.28"]
[EventRounds "11"]
[EventCountry "BRA"]

1. e4 c5 2. c3 Nf6 3. e5 Nd5 4. Nf3 e6 5. Bc4 Nc6 6. d4 cxd4 7. cxd4 d6 8. O-O
Be7 9. Qe2 O-O 10. Qe4 Nb6 11. Bd3 g6 12. Bh6 Re8 13. Nc3 Nd5 14. Rad1 Nxc3 15.
bxc3 dxe5 16. dxe5 Qa5 17. h4 Qxa2 18. h5 Qa5 19. Qg4 Bf8 20. hxg6 Bxh6 21.
gxf7+ Kxf7 22. Qh5+ Ke7 23. Qxh6 Rf8 24. Qg5+ Ke8 25. Bxh7 Rxf3 26. gxf3 Qxe5
27. Rd8+ Kf7 28. Bg8#  1-0

[Event "60o Campeonato Brasileiro Feminino Final Aberta"]
[Site "Cuiaba MT"]
[Date "2021.10.30"]
[Round "4"]
[Board "3"]
[White "Viaro Baccarin, Natalia"]
[Black "Ichimura G. Barbosa, Larissa Y."]
[Result "0-1"]
[WhiteElo "1865"]
[BlackElo "2007"]
[PlyCount "102"]
[EventDate "2021.10.28"]
[EventRounds "11"]
[EventCountry "BRA"]

1. e4 c5 2. Nf3 d6 3. d4 cxd4 4. Nxd4 Nf6 5. Nc3 a6 6. f3 e5 7. Nb3 h5 8. Bg5
Be6 9. Nd5 Bxd5 10. Bxf6 Qxf6 11. Qxd5 Nc6 12. O-O-O Be7 13. Kb1 O-O 14. h4
Rfc8 15. Qd2 a5 16. a4 Nb4 17. c3 Qe6 18. Nc1 Na6 19. Qd5 Qxd5 20. Rxd5 Nc5 21.
Bb5 Ne6 22. Ne2 Nc7 23. Rd2 Nxb5 24. axb5 Rc5 25. Rd5 Rxd5 26. exd5 f5 27. g3
g6 28. Kc2 Bd8 29. Nc1 Kg7 30. Nd3 Bb6 31. Nc1 Kf6 32. Kd3 g5 33. Ne2 Re8 34.
Kd2 f4 35. c4 g4 36. Rf1 Be3+ 37. Kc2 Kf5 38. gxf4 exf4 39. fxg4+ hxg4 40. Ng3+
Kg6 41. Ne2 f3 42. Ng3 Bf4 43. Nh1 g3 44. Nxg3 Bxg3 45. Rxf3 Bxh4 46. b6 Re2+
47. Kc1 Bf6 48. Rb3 Re4 49. Rb5 Rxc4+ 50. Kd2 Rb4 51. Rxa5 Rxb2+  0-1

[Event "60o Campeonato Brasileiro Feminino Final Aberta"]
[Site "Cuiaba MT"]
[Date "2021.10.30"]
[Round "4"]
[Board "4"]
[White "Tamarozi, Isabelle"]
[Black "Martins De Aguiar, Marina"]
[Result "0-1"]
[WhiteElo "1981"]
[BlackElo "1713"]
[PlyCount "162"]
[EventDate "2021.10.28"]
[EventRounds "11"]
[EventCountry "BRA"]

1. e4 c5 2. Nf3 e6 3. d4 cxd4 4. Nxd4 Nf6 5. Nc3 Nc6 6. Ndb5 Bb4 7. a3 Bxc3+ 8.
Nxc3 d5 9. exd5 exd5 10. Bd3 O-O 11. O-O Bg4 12. f3 Bh5 13. Bg5 Qb6+ 14. Kh1
Ne4 15. Nxe4 dxe4 16. Bxe4 Qxb2 17. Rb1 Qxa3 18. Rxb7 Qa6 19. Rd7 Rac8 20. Bh4
Bg6 21. Re1 Bxe4 22. Rxe4 Qa2 23. h3 a5 24. c3 Qb2 25. Qe1 Qc2 26. Qe3 Qb1+ 27.
Kh2 Qb5 28. c4 Qb2 29. Rd2 Qa1 30. Rd5 Kh8 31. Be1 Qb2 32. Bc3 Qb8+ 33. g3 f6
34. Rh4 Qb1 35. Rd7 Rce8 36. Qd2 Qf1 37. Re4 Qxf3 38. Rxe8 Rxe8 39. Be5 fxe5
40. Qg5 Qf8 41. Rc7 Nd4 42. Qe3 Rb8 43. g4 Re8 44. Rd7 Nf3+ 45. Kg3 e4 46. c5
Qf6 47. Ra7 Qe5+ 48. Qf4 Qd4 49. Qf7 Qg1+ 50. Kf4 Qc1+ 51. Kg3 Rg8 52. Qa2 Qxc5
53. Rxa5 Qg1+ 54. Kf4 Qd4 55. Ra8 Qd2+ 56. Kxe4 Qb4+ 57. Ke3 Qb6+ 58. Kf4 Qd6+
59. Ke3 Qb6+ 60. Ke2 Nd4+ 61. Kf1 Qf6+ 62. Ke1 Qe5+ 63. Kd1 Re8 64. Rxe8+ Qxe8
65. Qc4 Nf3 66. Qc3 Ne5 67. Qe3 Qd8+ 68. Ke2 Ng6 69. Qc1 h6 70. Qc4 Qe7+ 71.
Kf2 Qf6+ 72. Kg3 Kh7 73. Qc2 Qg5 74. Qb1 h5 75. Qe4 h4+ 76. Kf3 Qb5 77. Qc2
Qf1+ 78. Ke4 Qxh3 79. Kf5 Qf3+ 80. Ke6 Qxg4+ 81. Kd5 h3  0-1

[Event "60o Campeonato Brasileiro Feminino Final Aberta"]
[Site "Cuiaba MT"]
[Date "2021.10.30"]
[Round "4"]
[Board "5"]
[White "Bail, Ellen Larissa"]
[Black "Da Cunha, Gabriela Goes"]
[Result "0-1"]
[WhiteElo "1833"]
[BlackElo "1588"]
[PlyCount "152"]
[EventDate "2021.10.28"]
[EventRounds "11"]
[EventCountry "BRA"]

1. d4 Nf6 2. Nf3 g6 3. c4 Bg7 4. e3 O-O 5. Be2 b6 6. O-O Bb7 7. Nc3 e6 8. Qc2
c5 9. Rd1 d5 10. dxc5 bxc5 11. cxd5 exd5 12. e4 d4 13. e5 Nfd7 14. Bg5 Qa5 15.
Ne4 Ba6 16. Bxa6 Nxa6 17. Be7 Rfe8 18. Nf6+ Nxf6 19. exf6 Bf8 20. Bxf8 Rxf8 21.
Qc1 Qb6 22. Qg5 Rfd8 23. Ne5 Rd5 24. Rd3 Qe6 25. f4 Nc7 26. Qh4 Ne8 27. Rh3
Nxf6 28. g4 h5 29. gxh5 Nxh5 30. Kh1 Qf6 31. Rg1 Qxh4 32. Rxh4 Kf8 33. Rd1 Rad8
34. b3 R8d6 35. Nd3 Ra6 36. Rd2 Kg7 37. Kg2 Re6 38. Rh3 Nf6 39. Nf2 Re3 40.
Rxe3 dxe3 41. Rxd5 Nxd5 42. Nd3 Nc3 43. Nxc5 e2 44. Kf2 Kf6 45. a4 Kf5 46. Nd3
Nd5 47. Kxe2 Nxf4+ 48. Nxf4 Kxf4 49. b4 Ke5 50. h4 Kd4 51. Kf3 Kc4 52. Ke4 f6
53. b5 Kb4 54. Kd5 Kxa4 55. Kc4 Ka5 56. Kc5 f5 57. Kc4 f4 58. Kd3 Kxb5 59. Ke4
a5 60. Kxf4 a4 61. Kg5 a3 62. Kxg6 a2 63. h5 a1=Q 64. Kh7 Kc6 65. h6 Kd7 66.
Kg8 Ke7 67. h7 Qa2+ 68. Kh8 Qb2+ 69. Kg8 Qb3+ 70. Kh8 Qc3+ 71. Kg8 Qc4+ 72. Kh8
Qd4+ 73. Kg8 Qd5+ 74. Kh8 Qe5+ 75. Kg8 Qe6+ 76. Kg7 Qf6+  0-1

[Event "60o Campeonato Brasileiro Feminino Final Aberta"]
[Site "Cuiaba MT"]
[Date "2021.10.30"]
[Round "4"]
[Board "6"]
[White "Oliveira, Emanuelle Alves"]
[Black "Heinrichs, Vivian"]
[Result "1/2-1/2"]
[WhiteElo "1683"]
[BlackElo "1974"]
[PlyCount "89"]
[EventDate "2021.10.28"]
[EventRounds "11"]
[EventCountry "BRA"]

1. d4 Nf6 2. Bf4 c5 3. e3 Qb6 4. b3 cxd4 5. exd4 d5 6. Nf3 Bg4 7. Be2 Nc6 8. c3
e6 9. h3 Bh5 10. O-O Rc8 11. Nbd2 Ba3 12. Qc2 Ne4 13. Nxe4 dxe4 14. Qxe4 O-O
15. Bd3 Bg6 16. Qe2 Ne7 17. Bxg6 Nxg6 18. Bc1 Be7 19. c4 Bf6 20. Be3 Qa5 21.
Rad1 Rfd8 22. Qd2 Qf5 23. Bg5 h6 24. Bxf6 Qxf6 25. Qe3 Nf4 26. Kh2 Ng6 27. Ne5
Ne7 28. Qf3 Nf5 29. Ng4 Qe7 30. d5 Nh4 31. Qe3 Rd6 32. dxe6 Rxe6 33. Qxa7 Qc7+
34. Kg1 Ra6 35. Qd4 Qc6 36. Qd5 Rxa2 37. Qxc6 Rxc6 38. Rd7 Rb6 39. Rb1 Ra3 40.
Rd3 g6 41. c5 Rb5 42. Rd8+ Kg7 43. b4 Ra4 44. Rd4 f6 45. Ne3  1/2-1/2

[Event "60o Campeonato Brasileiro Feminino Final Aberta"]
[Site "Cuiaba MT"]
[Date "2021.10.30"]
[Round "4"]
[Board "7"]
[White "Eger, Laura Luisa"]
[Black "De Freitas, Isabella Ribeiro Conti"]
[Result "0-1"]
[WhiteElo "1767"]
[BlackElo "1863"]
[PlyCount "148"]
[EventDate "2021.10.28"]
[EventRounds "11"]
[EventCountry "BRA"]

1. e4 c5 2. Nf3 Nc6 3. Bb5 g6 4. Bxc6 dxc6 5. d3 Bg7 6. h3 e5 7. O-O Qc7 8. Nc3
Nf6 9. Be3 b6 10. Qd2 O-O 11. Bh6 Be6 12. Qg5 Nd7 13. Qh4 f6 14. Bxg7 Kxg7 15.
Nh2 c4 16. dxc4 Bxc4 17. Rfd1 h5 18. Qg3 Nc5 19. Nf3 Kh7 20. Nh4 Bf7 21. Qf3
Qe7 22. g3 Ne6 23. Qe3 Nd4 24. Rac1 Be6 25. Kg2 Rad8 26. Rh1 Qb4 27. Nd1 Nb5
28. a3 Qd2 29. Nf3 Qxe3 30. Nxe3 Nd4 31. Rcd1 Nxf3 32. Kxf3 Kg7 33. g4 Kh6 34.
Rxd8 Rxd8 35. Rd1 Rd4 36. c3 Rxd1 37. Nxd1 Bc4 38. Kg3 Bd3 39. f3 h4+ 40. Kf2
Kg5 41. Ke3 Bf1 42. Kf2 Bxh3 43. Ne3 Kf4 44. Nc4 f5 45. exf5 gxf5 46. g5 Kxg5
47. Nxe5 c5 48. Nf7+ Kf6 49. Nd6 f4 50. Nb5 Bd7 51. Nxa7 c4 52. a4 h3 53. Nb5
Ke5 54. Nd4 Bxa4 55. Kg1 Bd7 56. Kh2 Kf6 57. Nc2 Kg5 58. Nd4 Bc8 59. Nc2 Bb7
60. Kxh3 Bxf3 61. Nd4 Bd5 62. Kh2 Kg4 63. Kg1 Kg3 64. Kf1 f3 65. Nf5+ Kf4 66.
Ne7 Bb7 67. Kf2 Ke4 68. Ng6 b5 69. Ke1 Kd3 70. Kd1 f2 71. Ne5+ Ke4 72. Ke2 Kxe5
73. Kxf2 Kf4 74. Ke2 Be4  0-1

[Event "60o Campeonato Brasileiro Feminino Final Aberta"]
[Site "Cuiaba MT"]
[Date "2021.10.30"]
[Round "4"]
[Board "8"]
[White "De Souza, Eliana Aparecida"]
[Black "Nunes, Agatha Hurba"]
[Result "1-0"]
[WhiteElo "1673"]
[BlackElo "1797"]
[PlyCount "57"]
[EventDate "2021.10.28"]
[EventRounds "11"]
[EventCountry "BRA"]

1. e4 e6 2. d4 d5 3. Nc3 dxe4 4. Nxe4 Nd7 5. Nf3 Ngf6 6. Nxf6+ Nxf6 7. Bd3 Be7
8. O-O O-O 9. Qe2 h6 10. c3 c5 11. dxc5 Bxc5 12. Bf4 Nd5 13. Be5 Bd6 14. Rad1
Bxe5 15. Nxe5 Qc7 16. Bb1 Nf6 17. Ng4 Nxg4 18. Qxg4 f5 19. Qd4 b6 20. Rfe1 Qc6
21. Qe5 Rf6 22. Rd6 Qc4 23. Rd8+ Kh7 24. b3 Qg4 25. Rd4 Qg5 26. h4 Qh5 27. Be4
Rb8 28. Bf3 Qg6 29. Qxb8  1-0